000 01251nam0a22003131 4500
001 RU\INFOCOMM_322\NLR\5000206869
005 20250613111409.0
035 _a(NLR Aleph) 009587399
090 _a9229165
_c9229165
100 _a20130301d1988 |||y0rusy50 ca
101 0 _aeng
102 _aRU
105 _ay z |||||
200 1 _aˆA ‰note on many-loop calculations for superstrings in the NSP formalism
_fA. Morozov, A. Perelomov
210 _aM.
_cAtominform
_d1988
215 _a16 с.
_d20 см
225 1 _aInstitute of theoretical and experimental physics
_v80-88
300 _aВ вып. дан.: Замечание о многопетлевых вычислениях для суперструн в формализме NSR / А. Морозов, А. Переломов
320 _aБиблиогр.: с. 16
606 0 _aКвантовая теория поля
_xМодель релятивистской струны
_2nlr_sh1
620 _aМосква
686 _aВ313.38
_2rubbk
700 1 _aMorozov
_bA. J.
_gAleksej Jur'evič
701 1 _aPerelomov
_bA. M.
_f1935-
_gAskol'd Michajlovič
801 1 _aRU
_bInfocomm
_c20130301
801 0 _aRU
_bINFOCOMM
_gPSBO
852 _aNLR
_jФз01 Д-4/4985
942 _cBOOK
980 _aNB